20th century Asia ; an anthology /

Bibliographic Details
Main Author: Michaelis, John Udell, 1912-
Other Authors: McKeown, Robin James
Format: Book
Language:English
Published: St. Louis : Webster Division, McGraw-Hill, [1968]
Subjects:

MARC

Tag First Indicator Second Indicator Subfields
LEADER 00000cam a2200000 4500
001 in00000307332
005 20151010143749.0
008 700819c19681969mou b 00010 eng
010 |a  70000641  
035 |a (OCoLC)00036349 
035 |9 ABH5756AM 
040 |a DLC  |c DLC  |d TXA  |d UtOrBLW 
049 |a TXAM  |c [635804] 
050 0 0 |a DS5  |b .M47 
082 0 |a 915/.03/4 
100 1 |a Michaelis, John Udell,  |d 1912- 
245 1 0 |a 20th century Asia ;  |b an anthology /  |c Edited by John U. Michaelis and Robin James McKeown. 
264 1 |a St. Louis :  |b Webster Division, McGraw-Hill,  |c [1968] 
264 4 |c [©1969] 
300 |a xii, 372 pages ;  |c 23 cm. 
336 |a text  |b txt  |2 rdacontent 
337 |a unmediated  |b n  |2 rdamedia 
338 |a volume  |b nc  |2 rdacarrier 
504 |a Bibliography: pages 369-372. 
651 0 |a Asia. 
700 1 |a McKeown, Robin James. 
999 |a MARS 
999 f f |s b1b95f14-a6d6-3ed8-b870-c56e1f8e1b04  |i 61f1882f-c869-3778-8fcd-7d2b02978826  |t 0 
952 f f |p ric  |a Texas A&M University  |b Rellis Campus  |c Joint Library Facility  |d Remote Storage  |t 0  |e DS5 .M47  |h Library of Congress classification  |i unmediated -- volume  |m A14802021651 
998 f f |a DS5 .M47  |t 0  |l Remote Storage